000 00263nam a2200097Ia 4500
008 220204s9999 xx 000 0 und d
082 _a351.817
_bPOS
245 0 _aPost and telegraph guide
260 _aIndia
_bDirector General of Post & Telegraph
_c1950
942 _cBK
999 _c19844
_d19844